Famous parsis: (Record no. 14071)

MARC details
000 -LEADER
fixed length control field 00467nam a2200133Ia 4500
082 ## - DEWEY DECIMAL CLASSIFICATION NUMBER
Classification number RR 920.9295 FAM;
245 #0 - TITLE STATEMENT
Title Famous parsis:
Sub Title biographical and critical sketches of patriots, philanthropists, politicians, reformers, scholars and captains of industry
260 ## - PUBLICATION, DISTRIBUTION, ETC. (IMPRINT)
Place of publication New Delhi
Name of publisher Mittal Publications
Year of publication 1990
300 ## - PHYSICAL DESCRIPTION
Number of Pages viii, 488p.
504 ## - BIBLIOGRAPHY, ETC. NOTE
Bibliography, etc Includes index
650 ## - SUBJECT ADDED ENTRY--TOPICAL TERM
Topical Term Parsees - Biography - India
650 ## - SUBJECT ADDED ENTRY--TOPICAL TERM
Topical Term Celebrities - Biography - India
942 ## - ADDED ENTRY ELEMENTS (KOHA)
Koha item type Books
Holdings
Withdrawn status Lost status Damaged status Not for loan Home library Current library Date acquired Bill Date Full call number Accession Number Price effective from Koha item type
        NASSDOC Library NASSDOC Library 08/06/2004 2004-10-22 RR 920.9295 FAM; 30166 18/04/2019 Books